<?xml version="1.0" encoding="UTF-8"?>
<collection xmlns="http://www.loc.gov/MARC21/slim">
  <record>
    <leader>00000nam  2200000   4500</leader>
    <controlfield tag="001">INLIS000000000002845</controlfield>
    <controlfield tag="005">20180724150725</controlfield>
    <controlfield tag="008">180724|||||||||   |   |||   |||| ||   | </controlfield>
    <datafield tag="035" ind1=" " ind2=" ">
      <subfield code="0">010-0718002845</subfield>
    </datafield>
    <datafield tag="041" ind1=" " ind2=" ">
      <subfield code="a">id</subfield>
    </datafield>
    <datafield tag="082" ind1=" " ind2=" ">
      <subfield code="a">004.16</subfield>
    </datafield>
    <datafield tag="090" ind1=" " ind2=" ">
      <subfield code="a">004.16 Kin p</subfield>
    </datafield>
    <datafield tag="100" ind1=" " ind2=" ">
      <subfield code="a">King, Richard Allen</subfield>
    </datafield>
    <datafield tag="245" ind1=" " ind2=" ">
      <subfield code="a">Penuntun IBM "PC-DOS"</subfield>
    </datafield>
    <datafield tag="250" ind1=" " ind2=" ">
      <subfield code="a">Ed. Kedua Cet. Pertama</subfield>
    </datafield>
    <datafield tag="260" ind1=" " ind2=" ">
      <subfield code="a">Berkeey</subfield>
      <subfield code="b">Indomicros</subfield>
      <subfield code="c">1988</subfield>
    </datafield>
    <datafield tag="300" ind1=" " ind2=" ">
      <subfield code="a">xix; 380 hlm.; Ilus; 22 cm.</subfield>
    </datafield>
    <datafield tag="500" ind1=" " ind2=" ">
      <subfield code="a">Buku ini merupakan pegangan untuk pemakai tingkat menengah sampai tingkat lanjutan dan pemrogram komputer pribadi seri IBM, yaitu PC, PC-XT, PC-AT, PCjr dan Convertiblenya. Pada buku ini, ahli sistem operasi Richard Allen King menyajikan secara terinci dan mendalam sekali cara kerja bagian dalam PC-DOS termasuk versi 3 ke atas, merupakan buku yang sangat unik, karena sekaligus menyajikan dua macam buku referensi secara lengkap.</subfield>
    </datafield>
    <datafield tag="650" ind1=" " ind2=" ">
      <subfield code="a">Komputer</subfield>
    </datafield>
  </record>
</collection>
